[Event "HUN-ch Rapid"]
[Site "Ajka"]
[Date "2023.07.23"]
[Round "12"]
[White "Bagi, Mate"]
[Black "Videki, Sandor"]
[Result "1-0"]
[WhiteElo "2446"]
[BlackElo "2363"]
[PlyCount "129"]
[EventDate "2023.07.21"]
[EventType "swiss (rapid)"]
[EventRounds "13"]
[EventCountry "HUN"]
[SourceTitle "CBM 215 Extra"]
[Source "ChessBase"]
[SourceDate "2023.09.30"]
[SourceVersion "1"]
[SourceVersionDate "2023.09.30"]
[SourceQuality "1"]

1. e4 c5 2. Nf3 Nc6 3. d4 cxd4 4. Nxd4 Nf6 5. Nc3 d6 6. Bg5 Bd7 7. Qd2 Nxd4 8. Qxd4 Qa5 9. f4 e6 10. 0-0-0 Be7 11. e5 dxe5 12. fxe5 0-0-0 13. Be3 Bc6 14. Qxa7 Qxa7 15. Bxa7 Ng4 16. Bd4 Bg5+ 17. Kb1 Ne3 18. Rd3 Nf5 19. Bb6 Rxd3 20. Bxd3 Bf4 21. Nb5 Bxg2 22. Rg1 Nh4 23. Nd6+ Kb8 24. Nxf7 Rf8 25. Nd8 Bxh2 26. Rd1 Bxe5 27. Nxe6 Re8 28. Bxh7 Bf3 29. Rd8+ Rxd8 30. Bxd8 Ng2 31. Bg5 Bd5 32. Nc5 Kc7 33. Bf5 Nf4 34. c3 Bd6 35. Nd3 Ne6 36. Be3 Nf8 37. b3 g6 38. Bg4 Be4 39. Kc2 Nd7 40. Kd2 Nf6 41. Be2 Bf5 42. Nf2 Be5 43. Bf3 Bg3 44. Ke2 Bb1 45. a3 b5 46. c4 bxc4 47. bxc4 Bxf2 48. Bxf2 Be4 49. Bd4 Bxf3+ 50. Kxf3 Nd7 51. Kg4 Nf8 52. Kf4 Ne6+ 53. Ke5 Kd7 54. Be3 Ke7 55. a4 Kd7 56. Kd5 g5 57. a5 g4 58. Ke5 g3 59. Ke4 Kc6 60. Kf3 Nd8 61. Kxg3 Nb7 62. a6 Na5 63. c5 Nb3 64. a7 Kb7 65. c6+ 1-0

[Event "AUT-chT2O 2223"]
[Site "Austria"]
[Date "2023.04.23"]
[Round "11.2"]
[White "Videki, Sandor"]
[Black "Wagner, Leopold Franziskus"]
[Result "1/2-1/2"]
[WhiteElo "2407"]
[BlackElo "2182"]
[PlyCount "47"]
[EventDate "2022.10.15"]
[EventType "team-tourn"]
[EventRounds "11"]
[EventCountry "AUT"]
[SourceTitle "EXT 2024"]
[Source "ChessBase"]
[SourceDate "2023.10.10"]
[SourceVersion "1"]
[SourceVersionDate "2023.10.10"]
[SourceQuality "1"]
[WhiteTeam "Pressbaum"]
[BlackTeam "Hietzing"]
[WhiteTeamCountry "AUT"]
[BlackTeamCountry "AUT"]

1. c4 e5 2. Nc3 Nf6 3. d3 d5 4. cxd5 Nxd5 5. Nf3 Nc6 6. Bd2 Be7 7. a3 0-0 8. b4 Be6 9. e3 a6 10. Be2 f5 11. Qc2 Bf6 12. Rc1 Nxc3 13. Bxc3 Qe7 14. 0-0 Rfd8 15. Rfd1 Rac8 16. Qb2 Bf7 17. a4 e4 18. Bxf6 Qxf6 19. Qxf6 gxf6 20. dxe4 fxe4 21. Nd2 f5 22. g4 Nxb4 23. gxf5 Bd5 24. Bc4 1/2-1/2

[Event "AUT-chT2O 2223"]
[Site "Austria"]
[Date "2023.02.18"]
[Round "8.6"]
[White "Videki, Sandor"]
[Black "Bonk, Andras"]
[Result "1-0"]
[WhiteElo "2407"]
[BlackElo "2176"]
[PlyCount "63"]
[EventDate "2022.10.15"]
[EventType "team-tourn"]
[EventRounds "11"]
[EventCountry "AUT"]
[SourceTitle "CBM 213 Extra"]
[Source "ChessBase"]
[SourceDate "2023.05.31"]
[SourceVersion "1"]
[SourceVersionDate "2023.05.31"]
[SourceQuality "1"]
[WhiteTeam "Pressbaum"]
[BlackTeam "Kottingbrunn"]
[WhiteTeamCountry "AUT"]
[BlackTeamCountry "AUT"]

1. e4 c5 2. Nc3 Nc6 3. Bb5 g6 4. Bxc6 dxc6 5. d3 Bg7 6. f4 c4 7. Nf3 cxd3 8. cxd3 Bg4 9. 0-0 Qb6+ 10. Kh1 Rd8 11. h3 h5 12. Qe2 Bd4 13. Qe1 Bxf3 14. Rxf3 Nf6 15. Ne2 Ng4 16. Nxd4 Rxd4 17. b3 e5 18. Qf1 Qd8 19. Bb2 Rxd3 20. fxe5 Ne3 21. Qe2 Rd2 22. Qxe3 Rxb2 23. Raf1 Rf8 24. e6 f6 25. Qh6 Qe7 26. Qxg6+ Kd8 27. e5 Qxe6 28. Rxf6 Rxf6 29. exf6 Qe2 30. Rg1 Qf2 31. f7 Ke7 32. Qg7 1-0

[Event "CRO-chT2 Qual 1B Liga"]
[Site "Slavonski Brod"]
[Date "2022.11.18"]
[Round "1.1"]
[White "Kosic, Dragan"]
[Black "Videki, Sandor"]
[Result "1-0"]
[WhiteElo "2407"]
[BlackElo "2401"]
[PlyCount "161"]
[EventDate "2022.11.18"]
[EventType "team-tourn"]
[EventRounds "3"]
[EventCountry "CRO"]
[SourceTitle "EXT 2024"]
[Source "ChessBase"]
[SourceDate "2023.10.10"]
[SourceVersion "1"]
[SourceVersionDate "2023.10.10"]
[SourceQuality "1"]
[WhiteTeam "Rijeka ASK Junior"]
[BlackTeam "Slavonski Brod Djakovic"]
[WhiteTeamCountry "CRO"]
[BlackTeamCountry "CRO"]

1. d4 Nf6 2. c4 g6 3. Nc3 Bg7 4. e4 d6 5. Nf3 0-0 6. Be2 Bg4 7. Be3 Nfd7 8. Rc1 e5 9. d5 a5 10. h3 Bxf3 11. Bxf3 f5 12. a3 f4 13. Bd2 Nc5 14. 0-0 a4 15. Rb1 Nbd7 16. Nb5 c6 17. Nc3 Nb3 18. Be1 Ndc5 19. Ne2 Qb6 20. Bb4 Rfd8 21. Nc3 Qa6 22. Be2 Qa7 23. Bxc5 Nxc5 24. Qc2 Bf6 25. Bd1 Rf8 26. Qe2 Bd8 27. Qf3 Qa6 28. Be2 Ba5 29. Rfd1 Bxc3 30. bxc3 Rf6 31. Rb4 Qa7 32. Rdb1 Rc8 33. Bd1 Rf7 34. Bc2 cxd5 35. cxd5 Rfc7 36. Qg4 Kg7 37. Rb6 Rd8 38. Qg5 Rcd7 39. R1b4 h6 40. Qg4 Rf7 41. h4 Qa8 42. R4b5 Qa7 43. Rb4 Qa5 44. Qh3 Qa7 45. R4b5 Rf6 46. Bd1 Ra8 47. h5 g5 48. Bg4 Raf8 49. Bf5 Qb8 50. Qg4 Qc7 51. Qd1 Ra8 52. Qb1 Ra7 53. Bg6 Rf8 54. Qb4 Rd8 55. Bf5 Nd3 56. Qb1 Nc5 57. Bg4 Rf8 58. Qb4 Rf6 59. Be6 Kh8 60. Rxc5 Qxc5 61. Rxd6 Qxb4 62. cxb4 b5 63. Rd8+ Kg7 64. Rg8+ Kh7 65. Rc8 Kg7 66. Rc5 Rb7 67. Kh2 Kf8 68. Bc8 Rb8 69. Bd7 Ke7 70. Bxb5 g4 71. Rc7+ Kf8 72. Bxa4 Ra8 73. Bd1 f3 74. a4 Rf4 75. gxf3 gxf3 76. b5 Rxe4 77. b6 Rd8 78. b7 Rb4 79. Bxf3 Ke8 80. a5 e4 81. a6 1-0

[Event "AUT-chT2O 2122"]
[Site "Austria"]
[Date "2022.02.27"]
[Round "7.2"]
[White "Wagner, Leopold Franziskus"]
[Black "Videki, Sandor"]
[Result "0-1"]
[WhiteElo "2069"]
[BlackElo "2394"]
[PlyCount "58"]
[EventDate "2021.10.16"]
[EventType "team-tourn"]
[EventRounds "11"]
[EventCountry "AUT"]
[SourceTitle "EXT 2023"]
[Source "ChessBase"]
[SourceDate "2022.10.05"]
[SourceVersion "1"]
[SourceVersionDate "2022.10.05"]
[SourceQuality "1"]
[WhiteTeam "Hietzing"]
[BlackTeam "Pressbaum"]
[WhiteTeamCountry "AUT"]
[BlackTeamCountry "AUT"]

1. e4 c5 2. Nf3 Nc6 3. d4 cxd4 4. Nxd4 Nf6 5. Nc3 d6 6. f3 e5 7. Nb3 Be7 8. Be3 0-0 9. Be2 Be6 10. Nd5 Bxd5 11. exd5 Nb8 12. 0-0 Nbd7 13. c4 a5 14. Nd2 Nh5 15. Kh1 Bg5 16. Bxg5 Qxg5 17. Ne4 Qg6 18. Qb3 f5 19. Nc3 Nc5 20. Qc2 Qh6 21. Kg1 Rf6 22. Qc1 Nf4 23. Kh1 Qh5 24. Qe3 Rg6 25. g4 Qh4 26. Qf2 Qf6 27. Rad1 Rf8 28. h4 Rh6 29. h5 Nxh5 0-1

[Event "AUT-chT2O 2122"]
[Site "Austria"]
[Date "2022.02.26"]
[Round "6.2"]
[White "Videki, Sandor"]
[Black "Schroll, Gerhard"]
[Result "1-0"]
[WhiteElo "2394"]
[BlackElo "2307"]
[PlyCount "51"]
[EventDate "2021.10.16"]
[EventType "team-tourn"]
[EventRounds "11"]
[EventCountry "AUT"]
[SourceTitle "EXT 2023"]
[Source "ChessBase"]
[SourceDate "2022.10.05"]
[SourceVersion "1"]
[SourceVersionDate "2022.10.05"]
[SourceQuality "1"]
[WhiteTeam "Pressbaum"]
[BlackTeam "Mattersburg"]
[WhiteTeamCountry "AUT"]
[BlackTeamCountry "AUT"]

1. e4 e6 2. d4 c5 3. d5 exd5 4. exd5 d6 5. Bb5+ Nd7 6. a4 Ngf6 7. Nf3 a6 8. Be2 b6 9. 0-0 Be7 10. Nc3 0-0 11. h3 Bb7 12. Bf4 Re8 13. Re1 Nf8 14. Bc4 Ng6 15. Bh2 Bf8 16. Qd3 Rxe1+ 17. Rxe1 Ne8 18. Bg3 Nc7 19. h4 Qd7 20. h5 Ne7 21. h6 g6 22. Ne4 Ne8 23. Bxd6 Bxh6 24. Ne5 Qd8 25. Bxe7 Qxe7 26. Nxf7 1-0

[Event "AUT-chT2O 2122"]
[Site "Austria"]
[Date "2022.01.16"]
[Round "4.2"]
[White "Hangweyrer, Manfred"]
[Black "Videki, Sandor"]
[Result "1/2-1/2"]
[WhiteElo "2310"]
[BlackElo "2394"]
[PlyCount "70"]
[EventDate "2021.10.16"]
[EventType "team-tourn"]
[EventRounds "11"]
[EventCountry "AUT"]
[SourceTitle "EXT 2023"]
[Source "ChessBase"]
[SourceDate "2022.10.05"]
[SourceVersion "1"]
[SourceVersionDate "2022.10.05"]
[SourceQuality "1"]
[WhiteTeam "Wien Austria"]
[BlackTeam "Pressbaum"]
[WhiteTeamCountry "AUT"]
[BlackTeamCountry "AUT"]

1. e4 c5 2. Nf3 Nc6 3. Bb5 d6 4. 0-0 Bd7 5. Re1 Nf6 6. c3 a6 7. Bf1 Bg4 8. d4 e5 9. d5 Nb8 10. c4 Be7 11. Nc3 0-0 12. h3 Bh5 13. g4 Bg6 14. Nh4 Ne8 15. Nf5 Nd7 16. a4 Bg5 17. Qf3 h6 18. Nd1 Bxf5 19. Qxf5 g6 20. Bxg5 hxg5 21. Qf3 Kg7 22. Ra3 Nc7 23. Nc3 Rb8 24. Qe2 Qe7 25. Rb1 b6 26. Nd1 Rb7 27. Rba1 Rfb8 28. Kg2 b5 29. axb5 axb5 30. b3 Qd8 31. Qc2 bxc4 32. bxc4 Rb4 33. Bd3 Qc8 34. R1a2 Ra8 35. Rxa8 Nxa8 1/2-1/2

[Event "AUT-chT2O 2122"]
[Site "Austria"]
[Date "2021.10.16"]
[Round "1.2"]
[White "Videki, Sandor"]
[Black "Groetz, Harald"]
[Result "1-0"]
[WhiteElo "2394"]
[BlackElo "2299"]
[PlyCount "109"]
[EventDate "2021.10.16"]
[EventType "team-tourn"]
[EventRounds "11"]
[EventCountry "AUT"]
[SourceTitle "CBM 204 Extra"]
[Source "ChessBase"]
[SourceDate "2021.11.30"]
[SourceVersion "1"]
[SourceVersionDate "2021.11.30"]
[SourceQuality "1"]
[WhiteTeam "Pressbaum"]
[BlackTeam "Mistelbach/Altlichtenwarth"]
[WhiteTeamCountry "AUT"]
[BlackTeamCountry "AUT"]

1. e4 c5 2. Nf3 g6 3. d4 Bg7 4. dxc5 Qa5+ 5. c3 Qxc5 6. Na3 Bxc3+ 7. bxc3 Qxc3+ 8. Qd2 Qxa1 9. Nb5 Na6 10. Nfd4 Qb1 11. Bd3 Qb4 12. Nc7+ Kd8 13. Nxa8 Nc5 14. Bc2 Qxd2+ 15. Bxd2 b6 16. Bf4 Bb7 17. Nc7 Nxe4 18. Ncb5 a6 19. f3 Nef6 20. Nc3 d6 21. Be3 Nd7 22. Bb3 e6 23. Kf2 Ngf6 24. Rd1 Ke7 25. Nde2 Nc5 26. Bg5 d5 27. Na4 Nxa4 28. Bxa4 b5 29. Rc1 Rc8 30. Rxc8 Bxc8 31. Bb3 Bb7 32. Nc1 a5 33. a3 Bc6 34. Nd3 Be8 35. Ke3 h6 36. Bxh6 Nd7 37. Bf4 f6 38. Bc7 a4 39. Ba2 Bf7 40. Nb4 Nc5 41. Kd4 Nb7 42. f4 Kd7 43. Bb8 Kc8 44. Ba7 Kc7 45. g4 Be8 46. g5 fxg5 47. fxg5 Kd6 48. Bb8+ Ke7 49. Nd3 Kf7 50. Ne5+ Kg7 51. Bc7 Kg8 52. Bb1 Kg7 53. h4 Bf7 54. Nxf7 Kxf7 55. Bd3 1-0

[Event "HUN-chT 2122"]
[Site "Hungary"]
[Date "2021.10.10"]
[Round "1.11"]
[White "Ribli, Zoltan"]
[Black "Videki, Sandor"]
[Result "1/2-1/2"]
[WhiteElo "2518"]
[BlackElo "2403"]
[PlyCount "52"]
[EventDate "2021.10.10"]
[EventType "team-tourn"]
[EventRounds "9"]
[EventCountry "HUN"]
[SourceTitle "EXT 2023"]
[Source "ChessBase"]
[SourceDate "2022.10.05"]
[SourceVersion "1"]
[SourceVersionDate "2022.10.05"]
[SourceQuality "1"]
[WhiteTeam "Tungsram ANSK"]
[BlackTeam "Paks"]
[WhiteTeamCountry "HUN"]
[BlackTeamCountry "HUN"]

1. Nf3 c5 2. c4 Nc6 3. Nc3 e5 4. g3 g6 5. Bg2 Bg7 6. 0-0 d6 7. a3 Nge7 8. b4 0-0 9. Rb1 f5 10. Ne1 Be6 11. bxc5 dxc5 12. Rxb7 e4 13. Qa4 Qd4 14. d3 Qxc3 15. Bb2 Qxb2 16. Rxb2 Bxb2 17. dxe4 fxe4 18. Bxe4 Rac8 19. Nd3 Bg7 20. Nxc5 Bg4 21. e3 Ne5 22. Qxa7 N7c6 23. Qa4 Nb8 24. Qa7 Nbc6 25. Qa4 Nb8 26. Qa7 Nbc6 1/2-1/2

[Event "Zalakaros Barczay Memorial 40th"]
[Site "Zalakaros"]
[Date "2021.09.05"]
[Round "1"]
[White "Stifter, Ewald"]
[Black "Videki, Sandor"]
[Result "0-1"]
[WhiteElo "1950"]
[BlackElo "2388"]
[PlyCount "38"]
[EventDate "2021.09.05"]
[EventType "swiss"]
[EventRounds "9"]
[EventCountry "HUN"]
[SourceTitle "CBM 204 Extra"]
[Source "ChessBase"]
[SourceDate "2021.11.30"]
[SourceVersion "1"]
[SourceVersionDate "2021.11.30"]
[SourceQuality "1"]

1. Nf3 c5 2. g3 Nc6 3. d4 cxd4 4. Nxd4 g6 5. Bg2 Bg7 6. Nxc6 bxc6 7. 0-0 Rb8 8. Nc3 h5 9. e4 h4 10. Na4 d6 11. Re1 hxg3 12. hxg3 Bh3 13. e5 Bxg2 14. Kxg2 Bxe5 15. Rxe5 dxe5 16. Qf3 Qd7 17. g4 Rb4 18. Nc5 Rxg4+ 19. Kf1 Rh1+ 0-1

[Event "HUN-ch Rapid"]
[Site "Ajka"]
[Date "2021.07.18"]
[Round "10"]
[White "Videki, Sandor"]
[Black "Borhy, Marcell Boldizsar"]
[Result "1-0"]
[WhiteElo "2388"]
[BlackElo "2386"]
[PlyCount "93"]
[EventDate "2021.07.16"]
[EventType "swiss (rapid)"]
[EventRounds "13"]
[EventCountry "HUN"]
[SourceTitle "CBM 203 Extra"]
[Source "ChessBase"]
[SourceDate "2021.09.30"]
[SourceVersion "1"]
[SourceVersionDate "2021.09.30"]
[SourceQuality "1"]

1. e4 c5 2. Nf3 Nf6 3. e5 Nd5 4. Nc3 Nxc3 5. dxc3 Nc6 6. Bf4 Qb6 7. b3 Qc7 8. Qd2 e6 9. Be2 h6 10. h4 b6 11. 0-0-0 a6 12. Qe3 Bb7 13. Nd2 Ne7 14. Ne4 Nd5 15. Qg3 b5 16. Nd6+ Bxd6 17. exd6 Qa5 18. Kb2 Rg8 19. Bd2 c4 20. Bf3 0-0-0 21. Bxd5 Bxd5 22. Qe3 Kb7 23. f3 Qb6 24. Qf4 f5 25. Be3 Qc6 26. h5 Ka8 27. Qd4 Qb7 28. Bf4 Qa7 29. Qe5 a5 30. Rxd5 exd5 31. Qxd5+ Qb7 32. Rd1 cxb3 33. axb3 Qxd5 34. Rxd5 Rb8 35. Rxf5 Rgf8 36. Rxf8 Rxf8 37. Be5 Rg8 38. g4 Kb7 39. f4 g6 40. g5 gxh5 41. gxh6 h4 42. h7 Rf8 43. f5 h3 44. f6 Kc6 45. f7 h2 46. Bxh2 Kd5 47. Bf4 1-0

[Event "HUN-chT 1920"]
[Site "Hungary"]
[Date "2020.03.08"]
[Round "7.11"]
[White "Videki, Sandor"]
[Black "Hando, Vilmos"]
[Result "1/2-1/2"]
[WhiteElo "2408"]
[BlackElo "2379"]
[PlyCount "28"]
[EventDate "2019.11.16"]
[EventType "team-tourn"]
[EventRounds "9"]
[EventCountry "HUN"]
[SourceTitle "CBM 195 Extra"]
[Source "ChessBase"]
[SourceDate "2020.05.31"]
[SourceVersion "1"]
[SourceVersionDate "2020.05.31"]
[SourceQuality "1"]
[WhiteTeam "Paks"]
[BlackTeam "DVTK"]
[WhiteTeamCountry "HUN"]
[BlackTeamCountry "HUN"]

1. e4 g6 2. d4 Bg7 3. Nf3 d6 4. Bc4 Nf6 5. Qe2 0-0 6. h3 e5 7. dxe5 dxe5 8. 0-0 Nh5 9. Rd1 Qe7 10. Bg5 Bf6 11. Bh6 Bg7 12. Bg5 Bf6 13. Bh6 Bg7 14. Bg5 Bf6 1/2-1/2

[Event "AUT-chT2O 1920"]
[Site "Austria"]
[Date "2020.02.29"]
[Round "8.2"]
[White "Videki, Sandor"]
[Black "Schwab, Lukas"]
[Result "1/2-1/2"]
[WhiteElo "2405"]
[BlackElo "2166"]
[PlyCount "102"]
[EventDate "2019.10.19"]
[EventType "team-tourn"]
[EventRounds "11"]
[EventCountry "AUT"]
[SourceTitle "CBM 195 Extra"]
[Source "ChessBase"]
[SourceDate "2020.05.31"]
[SourceVersion "1"]
[SourceVersionDate "2020.05.31"]
[SourceQuality "1"]
[WhiteTeam "Pressbaum"]
[BlackTeam "Donaustadt"]
[WhiteTeamCountry "AUT"]
[BlackTeamCountry "AUT"]

1. d4 d5 2. c4 e6 3. Nc3 Nf6 4. cxd5 exd5 5. Bg5 c6 6. e3 Be7 7. Bd3 Nbd7 8. Bf4 Nf8 9. h3 Ne6 10. Be5 0-0 11. Qc2 h6 12. Nf3 b6 13. g4 Nd7 14. h4 c5 15. g5 cxd4 16. Bxd4 Ndc5 17. gxh6 Nxd4 18. Nxd4 gxh6 19. Nc6 Qd6 20. Nxe7+ Qxe7 21. Nxd5 Qe5 22. 0-0-0 Bb7 23. Bc4 Rac8 24. f4 Qe6 25. Kb1 Bxd5 26. Bxd5 Qf6 27. Qf2 Rfd8 28. e4 Ne6 29. Rhf1 Kf8 30. Qg3 Nc5 31. Rg1 a5 32. e5 Qf5+ 33. Ka1 Ke7 34. Qe3 Qc2 35. Rc1 Qd3 36. Qxd3 Nxd3 37. Rxc8 Rxc8 38. Bb7 Rc7 39. Ba6 Nxf4 40. Kb1 Ng6 41. Rf1 Nxe5 42. Rf5 Rc5 43. a3 Nd7 44. Rf4 f5 45. b4 axb4 46. axb4 Re5 47. Bd3 Kf6 48. Rd4 Nf8 49. Rd6+ Re6 50. Rd5 Re5 51. Rd6+ Re6 1/2-1/2

[Event "AUT-chT2O 1920"]
[Site "Austria"]
[Date "2020.01.19"]
[Round "7.2"]
[White "Morgunov, Marc"]
[Black "Videki, Sandor"]
[Result "1-0"]
[WhiteElo "2280"]
[BlackElo "2405"]
[PlyCount "69"]
[EventDate "2019.10.19"]
[EventType "team-tourn"]
[EventRounds "11"]
[EventCountry "AUT"]
[SourceTitle "CBM 195 Extra"]
[Source "ChessBase"]
[SourceDate "2020.05.31"]
[SourceVersion "1"]
[SourceVersionDate "2020.05.31"]
[SourceQuality "1"]
[WhiteTeam "Tschaturanga"]
[BlackTeam "Pressbaum"]
[WhiteTeamCountry "AUT"]
[BlackTeamCountry "AUT"]

1. e4 c5 2. Nf3 g6 3. d4 cxd4 4. Nxd4 Bg7 5. c4 Qb6 6. Nb3 Nc6 7. Nc3 Bxc3+ 8. bxc3 d6 9. c5 dxc5 10. Be3 Nf6 11. Bxc5 Qc7 12. Qc2 0-0 13. Be2 b6 14. Ba3 Bb7 15. 0-0 Rac8 16. f3 Rfd8 17. Rfd1 Ne5 18. c4 Rxd1+ 19. Rxd1 Kf8 20. Qb2 Kg8 21. c5 Nc6 22. cxb6 axb6 23. Nd2 Nd7 24. Nc4 Ra8 25. Ne3 Nf6 26. Bd6 exd6 27. Qxf6 Qd8 28. Qxd6 Qxd6 29. Rxd6 Rxa2 30. Bb5 Ra1+ 31. Kf2 Rc1 32. Rd7 Na5 33. Ng4 Rc5 34. Nh6+ Kg7 35. Nxf7 1-0

[Event "HUN-chT 1920"]
[Site "Hungary"]
[Date "2019.12.15"]
[Round "4.11"]
[White "Szamoskozi, Gabor"]
[Black "Videki, Sandor"]
[Result "0-1"]
[WhiteElo "2247"]
[BlackElo "2408"]
[PlyCount "154"]
[EventDate "2019.11.16"]
[EventType "team-tourn"]
[EventRounds "9"]
[EventCountry "HUN"]
[SourceTitle "CBM 193 Extra"]
[Source "ChessBase"]
[SourceDate "2020.01.31"]
[SourceVersion "1"]
[SourceVersionDate "2020.01.31"]
[SourceQuality "1"]
[WhiteTeam "Morihana"]
[BlackTeam "Paks"]
[WhiteTeamCountry "HUN"]
[BlackTeamCountry "HUN"]

1. e4 c5 2. Nf3 d6 3. d4 cxd4 4. Nxd4 Nf6 5. Nc3 Nc6 6. h3 g6 7. Be3 Bg7 8. g4 h5 9. g5 Nd7 10. Bc4 0-0 11. Bb3 Qa5 12. Nde2 Nc5 13. Kf1 Nxb3 14. axb3 Qd8 15. Kg2 b6 16. Nf4 Bb7 17. Re1 e6 18. h4 Qd7 19. f3 Ne7 20. Qd3 Rfd8 21. Rad1 Bc6 22. b4 b5 23. Ra1 Qb7 24. Ra5 a6 25. Bf2 d5 26. exd5 Nxd5 27. Nfxd5 Bxd5 28. Raa1 Bc4 29. Qe3 Qe7 30. Ne4 Bxb2 31. Rad1 Bg7 32. Qf4 Qxb4 33. Nf6+ Kh8 34. Qc7 Bxf6 35. gxf6 Qf8 36. Bc5 Rdc8 37. Bxf8 Rxc7 38. Bd6 Rc6 39. Be5 Bd5 40. c3 a5 41. Rb1 Rb6 42. Bd4 Rb7 43. Ra1 Kg8 44. Kg3 Rd7 45. Kf4 a4 46. Ra3 Rc8 47. Ke3 Bb3 48. f4 Rc4 49. Be5 Bc2 50. Raa1 Re4+ 51. Kf3 Rxe1 52. Rxe1 Bd1+ 53. Ke3 a3 54. Bd4 Bb3 55. Ra1 a2 56. Kd2 Bc4 57. Kc2 b4 58. Kb2 b3 59. Re1 Rd5 60. Rg1 Kf8 61. Re1 Ke8 62. Rg1 Kd7 63. Re1 Kc6 64. Rg1 Ra5 65. Re1 a1Q+ 66. Rxa1 Rxa1 67. Kxa1 Kd5 68. Be3 Ke4 69. Bc1 Kf3 70. Kb2 Kg4 71. Ka3 Kxh4 72. Kb4 Be2 73. Kc5 Kg3 74. Kd6 h4 75. Ke7 Bc4 76. Kxf7 e5+ 77. Kxg6 exf4 0-1

[Event "AUT-chT2O 1920"]
[Site "Austria"]
[Date "2019.11.16"]
[Round "3.2"]
[White "Videki, Sandor"]
[Black "Mikes, Jan"]
[Result "1/2-1/2"]
[WhiteElo "2405"]
[BlackElo "2355"]
[PlyCount "88"]
[EventDate "2019.10.19"]
[EventType "team-tourn"]
[EventRounds "11"]
[EventCountry "AUT"]
[SourceTitle "CBM 193 Extra"]
[Source "ChessBase"]
[SourceDate "2020.01.31"]
[SourceVersion "1"]
[SourceVersionDate "2020.01.31"]
[SourceQuality "1"]
[WhiteTeam "Pressbaum"]
[BlackTeam "Mistelbach/Altlichtenwarth"]
[WhiteTeamCountry "AUT"]
[BlackTeamCountry "AUT"]

1. d4 Nf6 2. c4 g6 3. Nc3 d5 4. Bf4 Bg7 5. e3 0-0 6. Rc1 dxc4 7. Bxc4 a6 8. Nf3 Nc6 9. h3 b5 10. Be2 Bb7 11. 0-0 Rc8 12. a4 b4 13. Na2 Nd5 14. Bh2 e6 15. Nd2 e5 16. Nb3 exd4 17. Nc5 Ba8 18. e4 d3 19. Bxd3 Nde7 20. Bxa6 Bxb2 21. Rc2 Bd4 22. Nb3 Bb6 23. Rd2 Qe8 24. Bb5 Rd8 25. a5 Ba7 26. Bxc7 Rxd2 27. Qxd2 Qc8 28. Qd6 Qb7 29. Bc4 Nxa5 30. Nxa5 Qxe4 31. Qg3 Rc8 32. Nxb4 Nf5 33. Qg5 Rxc7 34. Bd5 Bxd5 35. Qd8+ Kg7 36. Nxd5 Bxf2+ 37. Rxf2 Rc1+ 38. Kh2 Qe5+ 39. Nf4 Qe1 40. Nh5+ Kh6 41. Rxf5 Qg1+ 42. Kg3 Qe1+ 43. Kh2 Qg1+ 44. Kg3 Qe1+ 1/2-1/2

[Event "HUN-ch rapid"]
[Site "Ajka"]
[Date "2019.07.20"]
[Round "9"]
[White "Marosi, Levente"]
[Black "Videki, Sandor"]
[Result "0-1"]
[WhiteElo "2225"]
[BlackElo "2401"]
[PlyCount "74"]
[EventDate "2019.07.19"]
[EventType "swiss (rapid)"]
[EventRounds "13"]
[EventCountry "HUN"]
[SourceTitle "CBM 191 Extra"]
[Source "ChessBase"]
[SourceDate "2019.09.30"]
[SourceVersion "1"]
[SourceVersionDate "2019.09.30"]
[SourceQuality "1"]

1. e4 c5 2. Nf3 Nc6 3. g3 g6 4. Bg2 Bg7 5. 0-0 e5 6. c3 Nge7 7. Na3 0-0 8. d3 d5 9. exd5 Nxd5 10. Re1 Re8 11. Nc4 h6 12. a4 Bf5 13. h3 Nb6 14. Nxb6 Qxb6 15. g4 Be6 16. Nd2 Rad8 17. Qc2 Na5 18. Ra3 Rd7 19. Bf1 Qd8 20. Nc4 Nxc4 21. dxc4 f5 22. Ra1 Kh7 23. Be3 fxg4 24. Rad1 Bf5 25. Qb3 gxh3 26. Rxd7 Qxd7 27. Rd1 Qe7 28. Kh2 e4 29. Be2 Be5+ 30. Kh1 Bb8 31. Rg1 Rd8 32. Qb5 b6 33. a5 Rd3 34. axb6 axb6 35. Qxb6 Qe5 36. Rg3 Rxe3 37. Qb7+ Bc7 0-1

[Event "HUN-ch rapid"]
[Site "Ajka"]
[Date "2019.07.20"]
[Round "8"]
[White "Videki, Sandor"]
[Black "Horvath, Tamas4444"]
[Result "1/2-1/2"]
[WhiteElo "2401"]
[BlackElo "2079"]
[PlyCount "97"]
[EventDate "2019.07.19"]
[EventType "swiss (rapid)"]
[EventRounds "13"]
[EventCountry "HUN"]
[SourceTitle "CBM 191 Extra"]
[Source "ChessBase"]
[SourceDate "2019.09.30"]
[SourceVersion "1"]
[SourceVersionDate "2019.09.30"]
[SourceQuality "1"]

1. c4 c5 2. Nf3 Nf6 3. d4 cxd4 4. Nxd4 e6 5. Nc3 Bb4 6. Bd2 Nc6 7. Nxc6 bxc6 8. a3 Be7 9. e4 d5 10. cxd5 cxd5 11. Bb5+ Bd7 12. e5 d4 13. exf6 dxc3 14. Bxc3 Bxf6 15. Bxf6 gxf6 16. Bxd7+ Qxd7 17. Qf3 Ke7 18. 0-0 Rac8 19. Rfd1 Qc6 20. Qe3 Qb6 21. Qe2 Rhd8 22. g3 Qb3 23. Rxd8 Rxd8 24. Rc1 Rd7 25. Qc2 Qxc2 26. Rxc2 f5 27. Kf1 h5 28. Ke2 Kf6 29. Rc4 e5 30. h4 e4 31. Rc6+ Ke5 32. Rc5+ Kf6 33. b4 Ke6 34. Ra5 Rc7 35. Kd2 Rd7+ 36. Ke2 Rc7 37. Kd2 Rd7+ 38. Kc2 Rc7+ 39. Kb3 Rd7 40. Kc4 Rd2 41. Rxa7 Rxf2 42. b5 Rb2 43. a4 e3 44. Ra8 Ke7 45. Ra7+ Ke6 46. Ra8 Ke7 47. Ra7+ Ke6 48. Ra8 Ke7 49. Ra7+ 1/2-1/2

[Event "HUN-ch rapid"]
[Site "Ajka"]
[Date "2019.07.19"]
[Round "4"]
[White "Horvath, Csaba3333"]
[Black "Videki, Sandor"]
[Result "0-1"]
[WhiteElo "2217"]
[BlackElo "2401"]
[PlyCount "50"]
[EventDate "2019.07.19"]
[EventType "swiss (rapid)"]
[EventRounds "13"]
[EventCountry "HUN"]
[SourceTitle "CBM 191 Extra"]
[Source "ChessBase"]
[SourceDate "2019.09.30"]
[SourceVersion "1"]
[SourceVersionDate "2019.09.30"]
[SourceQuality "1"]

1. e4 c5 2. Nf3 d6 3. d4 cxd4 4. Qxd4 Bd7 5. Bc4 Nc6 6. Qd3 Nf6 7. Nc3 Rc8 8. Bb3 g6 9. Bg5 Bg7 10. Qd2 0-0 11. Bh6 Na5 12. Bxg7 Kxg7 13. Qd4 Nxb3 14. axb3 a6 15. 0-0 Bc6 16. Rad1 Qc7 17. Nd2 b5 18. Rfe1 Rfd8 19. Nf1 e5 20. Qe3 b4 21. Na2 Bxe4 22. Nxb4 Qb7 23. Ng3 Qxb4 24. c3 Qxb3 25. f3 Bc2 0-1